Madre Josefa : (Record n. 11342)
[ formato base ]
| 000 -LEADER | |
|---|---|
| fixed length control field | 00950nam a2200229 i 4500 |
| 003 - CONTROL NUMBER IDENTIFIER | |
| control field | IT-RoINE |
| 005 - DATE AND TIME OF LATEST TRANSACTION | |
| control field | 20170530105456.0 |
| 008 - FIXED-LENGTH DATA ELEMENTS--GENERAL INFORMATION | |
| fixed length control field | 930104s1982 sp cho r |||| |dspa d |
| 040 ## - CATALOGING SOURCE | |
| Original cataloging agency | SpMaBN |
| Transcribing agency | SIC IT-RoINE |
| Modifying agency | IT-RoINE |
| 100 1# - MAIN ENTRY--PERSONAL NAME | |
| 9 (RLIN) | 24814 |
| Personal name | Schenk Sanchis, Juan Eduardo, |
| Dates associated with a name | 1926-2001 |
| 245 10 - TITLE STATEMENT | |
| Title | Madre Josefa : |
| Remainder of title | Apóstol de la catequesis / |
| Statement of responsibility, etc | por Juan E. Schenk. |
| 260 ## - PUBLICATION, DISTRIBUTION, ETC. (IMPRINT) | |
| Place of publication, distribution, etc | Valencia : |
| Name of publisher, distributor, etc | Edicep, |
| Date of publication, distribution, etc | [1982]. |
| 300 ## - PHYSICAL DESCRIPTION | |
| Extent | 359 p., [48] p. de lám. : |
| Other physical details | retr., facs., fot. ; |
| Dimensions | 21 cm. |
| 336 ## - CONTENT TYPE | |
| Source | rdacontent |
| Content type term | text |
| 337 ## - MEDIA TYPE | |
| Source | rdamedia |
| Media type term | unmediated |
| 338 ## - CARRIER TYPE | |
| Source | rdacarrier |
| Carrier type term | volume |
| 500 ## - GENERAL NOTE | |
| General note | El compl. del tít. es un pretít. |
| 600 04 - SUBJECT ADDED ENTRY--PERSONAL NAME | |
| Personal name | Josefa Inès Campos Talamantes, |
| Titles and other words associated with a name | Beata, |
| Dates associated with a name | 1872-1950 |
| General subdivision | Biografía |
| 9 (RLIN) | 23239 |
| 610 24 - SUBJECT ADDED ENTRY--CORPORATE NAME | |
| Corporate name or jurisdiction name as entry element | Operarias Catequistas de Nuestra Señora de los Dolores |
| Geographic subdivision | España |
| -- | Valencia |
| General subdivision | Historia |
| 9 (RLIN) | 23240 |
| 610 24 - SUBJECT ADDED ENTRY--CORPORATE NAME | |
| Corporate name or jurisdiction name as entry element | Operarias Catequistas de Nuestra Señora de los Dolores |
| Geographic subdivision | España |
| -- | Alacuás |
| General subdivision | Historia |
| 9 (RLIN) | 23241 |
| 942 ## - ADDED ENTRY ELEMENTS (KOHA) | |
| Item type | Monografías |
| Withdrawn status | Lost status | Damaged status | Not for loan | Home library | Current library | Date acquired | Total Checkouts | Full call number | Barcode | Date last seen | Price effective from | Koha item type |
|---|---|---|---|---|---|---|---|---|---|---|---|---|
| Iglesia Nacional Española en Roma | Iglesia Nacional Española en Roma | 30/03/2016 | BIO 2085 | 23002 | 30/03/2016 | 30/03/2016 | Monografías |